000 01288nam a22004097a 4500
001 000070737
003 CHAP
005 20220329141428.0
008 971013s1981 r 00010 d
010 _a68008
011 _a68980
035 _a78454
040 _cCHAP
082 _a001.6424
_bG75
100 0 0 _aGriffiths, José Marie.
_950699
245 0 _aAplication of minicomputers and microcomputers to information handling.
260 _aParis :
_bUNESCO,
_c1981.
300 _a94 p. :
_b; gráfs.
490 _aPGI-81/WS/28
590 _aBATCH-UPD
_b10
_c20130109
_lUCH01
_h2339
590 _aBATCH-UPD
_b10
_c20130110
_lUCH01
_h0649
590 _aBATCH-UPD
_b10
_c20130110
_lUCH01
_h2331
590 _aBATCH-UPD
_b10
_c20130410
_lUCH01
_h0334
590 _aBATCH-UPD
_b10
_c20130410
_lUCH01
_h1638
590 _aBATCH-UPD
_b10
_c20130914
_lUCH01
_h1022
590 _aCONVERSION
_b10
_c20130109
_lUCH01
_h1337
590 _aE11695DGD
_b10
_c20150731
_lUCH01
_h1450
650 1 4 _aComputadoras.
_926129
650 1 4 _aMicrocomputadoras.
_975505
650 1 4 _aProcesamiento automático de datos en bibliotecas.
_991755
650 1 4 _aSistemas de información.
_9106760
710 0 _aUNISIST.
_9116264
830 0 _aPGI-81/WS/28
_987750
901 _aBK
942 _cLIBRO
942 _n0
999 _c68008
_d68008